000 00406nam a2200145 i 4500
001 26829
003 ES-MaACL
007 t|
008 030110s1930 fr ||||1| fre d
100 1 _aAutin, Albert.
_923976
245 1 0 _aLaicité et liberte de conscience /
_cpar Albert Autin.
260 _aParís :
_b[s.n.,
_c1930] (
_fEvreuse Ch. Herissey)
300 _a214 p. ;
_c19 cm.
852 _aES-MaACL
_jB-5856
999 _c26829
_d26829